Corporate Accounting (Record no. 228526)
[ view plain ]
| 000 -LEADER | |
|---|---|
| fixed length control field | 00765nam a22002657a 4500 |
| 005 - DATE AND TIME OF LATEST TRANSACTION | |
| control field | 20250721100421.0 |
| 008 - FIXED-LENGTH DATA ELEMENTS--GENERAL INFORMATION | |
| fixed length control field | 230828b ||||| |||| 00| 0 eng d |
| 020 ## - INTERNATIONAL STANDARD BOOK NUMBER | |
| International Standard Book Number | 9789395854498 |
| 040 ## - CATALOGING SOURCE | |
| Transcribing agency | AL |
| 041 ## - LANGUAGE CODE | |
| Language code of text/sound track or separate title | English |
| 082 ## - DEWEY DECIMAL CLASSIFICATION NUMBER | |
| Edition number | 23 |
| Classification number | 657.95 |
| Item number | GOWC |
| 100 ## - MAIN ENTRY--PERSONAL NAME | |
| Personal name | Ishwara Gowda P and others |
| 100 ## - MAIN ENTRY--PERSONAL NAME | |
| 9 (RLIN) | 219503 |
| 245 ## - TITLE STATEMENT | |
| Title | Corporate Accounting |
| 260 ## - PUBLICATION, DISTRIBUTION, ETC. | |
| Place of publication, distribution, etc. | Hyderabad |
| Name of publisher, distributor, etc. | Professional Book Publisher |
| Date of publication, distribution, etc. | 2020 |
| 300 ## - PHYSICAL DESCRIPTION | |
| Extent | viii,320p |
| Other physical details | PB |
| Dimensions | 23x18 cm. |
| 365 ## - TRADE PRICE | |
| Price type code | 4041 |
| Price amount | ₹228.00 |
| Currency code | ₹ |
| Unit of pricing | ₹285.00 |
| Price note | 20% |
| Price effective from | 23-08-2023 |
| 650 ## - SUBJECT ADDED ENTRY--TOPICAL TERM | |
| Topical term or geographic name entry element | III SEM |
| 9 (RLIN) | 131144 |
| 650 ## - SUBJECT ADDED ENTRY--TOPICAL TERM | |
| Topical term or geographic name entry element | BCom |
| 9 (RLIN) | 131145 |
| 650 ## - SUBJECT ADDED ENTRY--TOPICAL TERM | |
| Topical term or geographic name entry element | NEP |
| 9 (RLIN) | 131146 |
| 700 ## - ADDED ENTRY--PERSONAL NAME | |
| Personal name | Gowda, Ishwara P |
| 9 (RLIN) | 131147 |
| 700 ## - ADDED ENTRY--PERSONAL NAME | |
| Personal name | Suresh, V |
| 9 (RLIN) | 131148 |
| 700 ## - ADDED ENTRY--PERSONAL NAME | |
| Personal name | Kumar, Naveen K |
| 9 (RLIN) | 131149 |
| 700 ## - ADDED ENTRY--PERSONAL NAME | |
| Personal name | Madhava, M |
| 9 (RLIN) | 131150 |
| 942 ## - ADDED ENTRY ELEMENTS (KOHA) | |
| Source of classification or shelving scheme | Dewey Decimal Classification |
| Koha item type | Book |
| Withdrawn status | Lost status | Source of classification or shelving scheme | Damaged status | Not for loan | Collection code | Home library | Current library | Shelving location | Date acquired | Source of acquisition | Cost, normal purchase price | Total Checkouts | Full call number | Barcode | Date last seen | Cost, replacement price | Price effective from | Koha item type | Date last checked out |
|---|---|---|---|---|---|---|---|---|---|---|---|---|---|---|---|---|---|---|---|
| Dewey Decimal Classification | Reference Book | Commerce | St Aloysius Library | St Aloysius Library | Reference Section | 08/28/2023 | Biblios Book Point Surathkal Mangalore 575014 | 228.00 | 657.95 GOWC | 076721 | 08/28/2023 | 285.00 | 08/28/2023 | Reference | |||||
| Dewey Decimal Classification | Commerce | St Aloysius Library | St Aloysius Library | 08/28/2023 | Biblios Book Point Surathkal Mangalore 575014 | 228.00 | 657.95 GOWC | 076722 | 08/28/2023 | 285.00 | 08/28/2023 | Book | |||||||
| Dewey Decimal Classification | Commerce | St Aloysius Library | St Aloysius Library | 08/28/2023 | Biblios Book Point Surathkal Mangalore 575014 | 228.00 | 2 | 657.95 GOWC | 076723 | 11/09/2024 | 285.00 | 08/28/2023 | Book | 11/05/2024 | |||||
| Dewey Decimal Classification | Commerce | St Aloysius Library | St Aloysius Library | 08/28/2023 | Biblios Book Point Surathkal Mangalore 575014 | 228.00 | 657.95 GOWC | 076724 | 08/28/2023 | 285.00 | 08/28/2023 | Book | |||||||
| Dewey Decimal Classification | Commerce | St Aloysius Library | St Aloysius Library | 08/28/2023 | Biblios Book Point Surathkal Mangalore 575014 | 228.00 | 2 | 657.95 GOWC | 076725 | 11/09/2024 | 285.00 | 08/28/2023 | Book | 10/29/2024 |